00462nam a2200157Ia 450000500170000000800410001708200130005810000190007124500210009026000370011130000180014865000180016694200060018495200990019099900150028920250324125123.0240331s9999 xx 000 0 und d bRATa894 aRatnavelone, A 0aVidiyallukku mun aColombobMeera Pathippakamc2004 axii, 112 p ., aShort Stories cL 001040708LaWERCLbWERCLcSSCd2024-03-31l0o 894.811 RATp4950r2024-03-31w2024-03-31yL c4144d4144